| 000 | 01492cad a22002055a 4500 | ||
|---|---|---|---|
| 001 | L154587 | ||
| 008 | 120103s2011 xxk f 000 0 eng d | ||
| 035 | _a(Sirsi) u154587 | ||
| 041 | 0 | _aeng | |
| 110 | 2 |
_aInternational Valuation Standards Council _95828 |
|
| 245 | 0 | 0 |
_aCode of ethical principles for professional valuers _bDecember2011 _h[electronic resource] |
| 260 |
_aLondon _bIVSC _c2011 |
||
| 505 | 2 | _aIntroduction -- Applicability of this code -- Fundamental principles -- Fundamental principles - guidance -- Appendix 1 threats and safeguards -- Appendix 2 discussion of fundamental principles. | |
| 520 | _aThis code has been prepared in order to promote ethical practice and conduct in valuation. It outlines five fundamental principles of conduct to which a professional valuer is expected to adhere when providing a valuation service. It provides guidance on the conceptual approach that should be adopted in applying the fundamental principles. Appendix 1 identifies the principal categories of threat that may compromise a professional valuer's ability to comply with the fundamental principles and the types of safeguard that may be appropriate to avoid or mitigate those threats. Appendix 2 offers additional discussion of the fundamental principles. | ||
| 590 | _aNTK KA | ||
| 651 | 4 | _aInternational | |
| 690 | _aPROPERTY-PROPERTY APPRAISAL AND VALUATION | ||
| 856 | 4 | 0 |
_uhttps://www.ivsc.org/pubs/index.html _zView the code free of charge at www.ivsc.org |
| 942 | _n0 | ||
| 999 |
_c113048 _d113048 |
||